Lippincott Illustrated Reviews: (Record no. 478)

MARC details
000 -LEADER
Fixed length control field 00565nam a2200205Ia 4500
003 - CONTROL NUMBER IDENTIFIER
Control field IIN
005 - DATE AND TIME OF LATEST TRANSACTION
Control field 20240122152311.0
008 - FIXED-LENGTH DATA ELEMENTS--GENERAL INFORMATION
Fixed length control field 231217s9999 xx 000 0 und d
020 ## - INTERNATIONAL STANDARD BOOK NUMBER / ISBN
Price Rs.1799.00
International Standard Book Number 9789389335392
040 ## - CATALOGING SOURCE
Original cataloging agency IIN
Language of cataloging English
082 ## - DEWEY DECIMAL CLASSIFICATION NUMBER
Classification number 612
Book Number PRE
100 1# - MAIN ENTRY--PERSONAL NAME
Personal name Preston, Robin R.
245 1# - TITLE STATEMENT
Title Lippincott Illustrated Reviews:
Sub title Physiology
Statement of responsibility Robin R.Preston and Thad E. Wilson
250 ## - EDITION STATEMENT
Edition statement 2nd ed
260 ## - IMPRINT
Name of publisher Wolters Kluwer
Place of publication New Delhi
Date of publication 2019
300 ## - PHYSICAL DESCRIPTION
Page / Vol. No xxx, 562 p.
650 1# - SUBJECT ADDED ENTRY--TOPICAL TERM
Topical term Physiology
700 1# - ADDED ENTRY--PERSONAL NAME
Personal name Wilson, Thad E.
942 ## - ADDED ENTRY ELEMENTS (KOHA)
Koha item type Books
Holdings
Withdrawn status Lost status Source of classification Damaged status Not for loan Collection code Home library Current library Date acquired Price Total Checkouts Call number Accession number Date last seen Price effective from Koha item type
    Dewey Decimal Classification       IDEAL INSTITUTE OF NURSING IDEAL INSTITUTE OF NURSING 17/12/2023 1799.00   612 PRE 473 17/12/2023 17/12/2023 Books
    Dewey Decimal Classification       IDEAL INSTITUTE OF NURSING IDEAL INSTITUTE OF NURSING 17/12/2023 1799.00   612 PRE 474 17/12/2023 17/12/2023 Books
© Ideal Institute Of Nursing, All rights reserved.         Powered by Koha